Oliver Twist /

Guardado en:
Autor Principal: Dickens, Charles.
Otros Autores: Roso, Vicente; il.
Formato: Libro
Idioma:Undetermined
Publicado: Madrid : Susaeta, 1985.
Series:Saeta
Materias:
Etiquetas: Agregar Etiqueta
Sin Etiquetas, Sea el primero en etiquetar este registro!
LEADER 00546nam a22001815a 4500
001 CEM.cems021149
008 240508s1985####sp############000#0#und#d
005 20240508184505.0
245 1 0 |a Oliver Twist /  |c Charles Dickens ; ilustrado por Vicente Roso. 
260 |a Madrid :  |b Susaeta,  |c 1985. 
300 |a 102 p. 
490 1 |a Saeta 
020 |a 8430513175 
100 1 |a Dickens, Charles. 
700 1 |a Roso, Vicente; il. 
653 |a Literatura inglesa 
653 |a Novela inglesa 
859 |a CEMS  |b BIB. CEMS - Inicial y Primaria  |h 823.8  |i D555-2  |k IP  |p 2461  |t Ej.1